EMBLEM / (Record no. 193168)
[ view plain ]
| 000 -LEADER | |
|---|---|
| fixed length control field | 00717nam a2200253 i 4500 |
| 003 - CONTROL NUMBER IDENTIFIER | |
| control field | OSt |
| 005 - DATE AND TIME OF LATEST TRANSACTION | |
| control field | 20231001120309.0 |
| 008 - FIXED-LENGTH DATA ELEMENTS--GENERAL INFORMATION | |
| fixed length control field | 230926t20232023my g 000 f may d |
| 020 ## - INTERNATIONAL STANDARD BOOK NUMBER | |
| International Standard Book Number | 9786299770725 |
| Terms of availability | RM30.00 |
| Qualifying information | paperback |
| 040 ## - CATALOGING SOURCE | |
| Original cataloging agency | PPAK |
| Language of cataloging | eng |
| Transcribing agency | PPAK |
| Description conventions | rda |
| 082 04 - DEWEY DECIMAL CLASSIFICATION NUMBER | |
| Edition number | 23 |
| Classification number | 899.2333 |
| 090 00 - LOCALLY ASSIGNED LC-TYPE CALL NUMBER (OCLC); LOCAL CALL NUMBER (RLIN) | |
| Classification number (OCLC) (R) ; Classification number, CALL (RLIN) (NR) | 899.2333 |
| Feature heading | NOH |
| Feature heading | G |
| 100 0# - MAIN ENTRY--PERSONAL NAME | |
| Personal name | Nohr, |
| Relator term | author. |
| 245 10 - TITLE STATEMENT | |
| Title | EMBLEM / |
| Statement of responsibility, etc. | NoHR |
| 264 #1 - PRODUCTION, PUBLICATION, DISTRIBUTION, MANUFACTURE, AND COPYRIGHT NOTICE | |
| Place of production, publication, distribution, manufacture | Cheras, Kuala Lumpur : |
| Name of producer, publisher, distributor, manufacturer | Menara Seni Enterprise, |
| Date of production, publication, distribution, manufacture, or copyright notice | [2023] |
| Date of production, publication, distribution, manufacture, or copyright notice | ©2023 |
| 300 ## - PHYSICAL DESCRIPTION | |
| Extent | 333 pages ; |
| Dimensions | 21 cm |
| 336 ## - CONTENT TYPE | |
| Source | rdacontent |
| Content type term | text |
| 337 ## - MEDIA TYPE | |
| Source | rdamedia |
| Media type term | unmediated |
| 338 ## - CARRIER TYPE | |
| Source | rdacarrier |
| Carrier type term | volume |
| 650 10 - SUBJECT ADDED ENTRY--TOPICAL TERM | |
| Topical term or geographic name entry element | Malay fiction |
| Topical term or geographic name entry element | Malaysian fiction (Malay) |
| 942 ## - ADDED ENTRY ELEMENTS (KOHA) | |
| Source of classification or shelving scheme | Dewey Decimal Classification |
| Koha item type | Book |
| Withdrawn | Not for loan | Current library | Shelving location | Date acquired | Total Checkouts | Full call number | Barcode | Date last seen | Date last checked out | Koha item type | Total Renewals |
|---|---|---|---|---|---|---|---|---|---|---|---|
| Perpustakaan Alor Setar | Pinjaman Dewasa | 05/10/2023 | 1 | 899.2333 NOH | A01789911 | 20/08/2024 | 28/07/2024 | Book | |||
| Perpustakaan Awam Sungai Petani | Pinjaman Dewasa | 05/10/2023 | 899.2333 NOH | A01789912 | 05/10/2023 | Book | |||||
| Perpustakaan Baling | Pinjaman Dewasa | 05/10/2023 | 899.2333 NOH | A01789916 | 05/10/2023 | Book | |||||
| Perpustakaan Bandar Baharu | Pinjaman Dewasa | 05/10/2023 | 899.2333 NOH | A01789917 | 05/10/2023 | Book | |||||
| Perpustakaan Jitra | Pinjaman Dewasa | 05/10/2023 | 899.2333 NOH | A01789913 | 05/10/2023 | Book | |||||
| Perpustakaan Kuala Nerang | Pinjaman Dewasa | 05/10/2023 | 1 | 899.2333 NOH | A01789921 | 09/01/2024 | 28/12/2023 | Book | |||
| Perpustakaan Kulim | Pinjaman Dewasa | 05/10/2023 | 2 | 899.2333 NOH | A01789915 | 10/07/2024 | 06/07/2024 | Book | |||
| Perpustakaan Langkawi | Pinjaman Dewasa | 05/10/2023 | 1 | 899.2333 NOH | A01789914 | 06/01/2026 | 22/12/2025 | Book | |||
| Perpustakaan Merbok | Pinjaman Dewasa | 05/10/2023 | 2 | 899.2333 NOH | A01789918 | 23/09/2024 | 28/08/2024 | Book | |||
| Perpustakaan Pendang | Pinjaman Dewasa | 05/10/2023 | 2 | 899.2333 NOH | A01789922 | 24/08/2025 | 04/08/2025 | Book | 1 | ||
| Perpustakaan Sik | Pinjaman Dewasa | 05/10/2023 | 1 | 899.2333 NOH | A01789920 | 01/04/2024 | 10/03/2024 | Book | |||
| Perpustakaan Yan | Pinjaman Dewasa | 05/10/2023 | 1 | 899.2333 NOH | A01789919 | 23/05/2024 | 02/05/2024 | Book | 1 |